HOSPITAL AND CLINICAL PHARMACY (Record no. 8009)

MARC details
000 -LEADER
fixed length control field 00406nam a22001577a 4500
005 - DATE AND TIME OF LATEST TRANSACTION
control field 20220616120726.0
008 - FIXED-LENGTH DATA ELEMENTS--GENERAL INFORMATION
fixed length control field 220616b ||||| |||| 00| 0 eng d
020 ## - INTERNATIONAL STANDARD BOOK NUMBER
ISBN 97815-43346-04-6
041 ## - LANGUAGE CODE
Language code of text/sound track or separate title eng
100 ## - MAIN ENTRY--AUTHOR NAME
Personal name THAKARE, DR. CHANDRAKANT. V. AND OTHERS
245 ## - TITLE STATEMENT
Title HOSPITAL AND CLINICAL PHARMACY
260 ## - PUBLICATION, DISTRIBUTION, ETC. (IMPRINT)
Name of publisher S. VIKAS AND COMPANY
300 ## - PHYSICAL DESCRIPTION
Number of Pages 197;p
650 ## - SUBJECT ADDED ENTRY--TOPICAL TERM
Topical Term PHARMACY
942 ## - ADDED ENTRY ELEMENTS (KOHA)
Koha item type Books
Holdings
Lost status Damaged status Collection code Home library Current library Shelving location Date acquired Source of acquisition Cost, normal purchase price Accession Number Koha item type
    PHARMACY JRU Library JRU Library SHELF-19-G 16/06/2022 DONATION 275.00 26827 Books